Online
Catalog

Evaluación Ecológica Integral: (Record no. 52985)

MARC details
000 -CABECERA
campo de control de longitud fija 01307nam a2200301 a 4500
003 - IDENTIFICADOR DEL NÚMERO DE CONTROL
campo de control DO-SdBNP
005 - FECHA Y HORA DE LA ÚLTIMA TRANSACCIÓN
campo de control 20240829145737.0
007 - CAMPO FIJO DE DESCRIPCIÓN FÍSICA--INFORMACIÓN GENERAL
campo de control de longitud fija ta
008 - DATOS DE LONGITUD FIJA--INFORMACIÓN GENERAL
campo de control de longitud fija 221122e2002 dr adb|gr|||| 001 1 spa d
040 ## - FUENTE DE LA CATALOGACIÓN
Centro catalogador/agencia de origen DO-SdBNP
Lengua de catalogación spa
Centro/agencia transcriptor BNPHU
082 #4 - NÚMERO DE LA CLASIFICACIÓN DECIMAL DEWEY
Número de edición 22
Número de documento/Ítem F981e
110 2# - ENTRADA PRINCIPAL--NOMBRE DE ENTIDAD CORPORATIVA
Nombre de entidad corporativa o nombre de jurisdicción como elemento de entrada Fundación Moscoso Puello (República Dominicana)
9 (RLIN) 82856
245 10 - MENCIÓN DE TÍTULO
Título Evaluación Ecológica Integral:
Resto del título parque nacional Juan B. Pérez Rancier, Valle Nuevo, República Dominicana. /
Mención de responsabilidad, etc. Editor, Francisco Núñez.
260 ## - PUBLICACIÓN, DISTRIBUCIÓN, ETC.
Lugar de publicación, distribución, etc. [Cosntanza], República Dominicana :
Nombre del editor, distribuidor, etc. USAID,
Fecha de publicación, distribución, etc. 2002
300 ## - DESCRIPCIÓN FÍSICA
Extensión 47 p. :
Otras características físicas il., gráf., mapas ;
Dimensiones 28 cm.
590 ## - NOTA LOCAL (RLIN)
Nota local Inventariado 2022 / MF
650 #4 - PUNTO DE ACCESO ADICIONAL DE MATERIA--TÉRMINO DE MATERIA
9 (RLIN) 10767
Término de materia o nombre geográfico como elemento de entrada Reursos Naturales
Subdivisión geográfica República Dominicana
650 #4 - PUNTO DE ACCESO ADICIONAL DE MATERIA--TÉRMINO DE MATERIA
9 (RLIN) 22057
Término de materia o nombre geográfico como elemento de entrada Flora Forestal
Subdivisión geográfica República Dominicana
650 #0 - PUNTO DE ACCESO ADICIONAL DE MATERIA--TÉRMINO DE MATERIA
9 (RLIN) 63414
Término de materia o nombre geográfico como elemento de entrada Flora Fauna
Subdivisión geográfica República Dominicana
650 #0 - PUNTO DE ACCESO ADICIONAL DE MATERIA--TÉRMINO DE MATERIA
Término de materia o nombre geográfico como elemento de entrada Parques Nacionales
Subdivisión geográfica República Dominicana
9 (RLIN) 7049
650 #4 - PUNTO DE ACCESO ADICIONAL DE MATERIA--TÉRMINO DE MATERIA
9 (RLIN) 24085
Término de materia o nombre geográfico como elemento de entrada Planificación de Parques Nacionales
Subdivisión geográfica República Dominicana
700 ## - PUNTO DE ACCESO ADICIONAL--NOMBRE DE PERSONA
9 (RLIN) 72290
Nombre de persona Núñez, Francisco
Término indicativo de función/relación ed.
710 1# - PUNTO DE ACCESO ADICIONAL--NOMBRE DE ENTIDAD CORPORATIVA
Nombre de entidad corporativa o nombre de jurisdicción como elemento de entrada República Dominicana.
Unidad subordinada Secretaría de Estado de Medio Ambiente y Recursos Naturales
9 (RLIN) 14503
710 2# - PUNTO DE ACCESO ADICIONAL--NOMBRE DE ENTIDAD CORPORATIVA
9 (RLIN) 81726
Nombre de entidad corporativa o nombre de jurisdicción como elemento de entrada Agencias de los Estados Unidos para el Desarrollo Internacional (USAID)
710 2# - PUNTO DE ACCESO ADICIONAL--NOMBRE DE ENTIDAD CORPORATIVA
Nombre de entidad corporativa o nombre de jurisdicción como elemento de entrada The Nature Conservancy (TNC)
9 (RLIN) 82857
910 ## - DATOS DE OPCIÓN DEL USUARIO (OCLC)
Datos de opción del usuario MFeliz
942 ## - ELEMENTOS DE PUNTO DE ACCESO ADICIONAL (KOHA)
Fuente del sistema de clasificación o colocación Dewey Decimal Classification
Tipo de ítem Koha Libro
Holdings
Estado de retiro Estado de pérdida Fuente del sistema de clasificación o colocación Restricciones de uso No para préstamo Código de colección Localización permanente Ubicación/localización actual Ubicación en estantería Fecha de adquisición Fuente de adquisición Total de préstamos Signatura topográfica completa Código de barras Fecha visto por última vez Precio válido a partir de Tipo de ítem Koha
    Dewey Decimal Classification Excluido de préstamo   Patrimonio Dominicano Biblioteca Nacional Pedro Henríquez Ureña Biblioteca Nacional Pedro Henríquez Ureña En catalogación 19.02.2021 Donado por Ana Fernández   F981e 2022-5557 22.11.2022 22.11.2022 Libro

Powered by Koha